00000000nas 2200000zi 4500
0019.933134
003CaOODSP
00520250721153227
006m     o  d f      
007cr cn ||||||||
008240130c20239999oncar p o    f0###a0eng|d
022 |a2819-487X
040 |aCaOODSP|beng|erda|cCaOODSP
043 |an-cn---
0861 |aFR2-33E-PDF
1101 |aCanada. |bGlobal Affairs Canada, |eauthor, |eissuing body.
222 0|aAddressing misconduct and wrongdoing at Global Affairs Canada
24510|aAddressing misconduct and wrongdoing at Global Affairs Canada : |b... annual report.
264 1|a[Ottawa] : |bGlobal Affairs Canada = Affaires mondiales Canada, |c[2023]-
310 |aAnnual
336 |atext|btxt|2rdacontent
337 |acomputer|bc|2rdamedia
338 |aonline resource|bcr|2rdacarrier
3621 |aBegan with: 1st (fiscal year 2022/2023).
500 |aIssued also in French under title: Traiter les cas d'inconduite et d'actes répréhensibles à Affaires mondiales Canada : ... rapport annuel.
588 |aDescription based on: 1st (fiscal year 2022/2023); title from PDF cover page.
588 |aLatest issue consulted: 1st (fiscal year 2022/2023).
61010|aCanada. |bGlobal Affairs Canada|xOfficials and employees|xDiscipline|vPeriodicals.
650 0|aWork environment |zCanada|xMoral and ethical aspects|vPeriodicals.
650 0|aCivil service|xMoral and ethical aspects|zCanada|vPeriodicals.
650 0|aLabor discipline|zCanada|vPeriodicals.
655 7|aPeriodicals|2lcgft
77508|tTraiter les cas d'inconduite et d'actes répréhensibles à Affaires mondiales Canada : |w(CaOODSP)9.933143